书目信息 |
| 题名: |
生态园林
|
|
| 作者: | 黄莉群 著 | |
| 分册: | ||
| 出版信息: | 济南 山东美术出版社 2006.01 |
|
| 页数: | 128页 | |
| 开本: | 21cm | |
| 丛书名: | 生态美术丛书 | |
| 单 册: | ||
| 中图分类: | TU986 | |
| 科图分类: | ||
| 主题词: | 生态型--sheng tai xing--园林--研究 | |
| 电子资源: | ||
| ISBN: | 7-5330-2158-4 | |
| 000 | 00917nam 2200265 450 | |
| 001 | 012006537595 | |
| 005 | 20060925102509.20 | |
| 010 | @a7-5330-2158-4@dCNY22.00 | |
| 100 | @a20060711d2006 km y0chiy0120 ea | |
| 101 | 0 | @achi |
| 102 | @aCN@b370000 | |
| 105 | @aa a 000yy | |
| 200 | 1 | @a生态园林@Asheng tai yuan lin@f黄莉群著@Fhuang li qun zhu |
| 210 | @a济南@c山东美术出版社@d2006.01 | |
| 215 | @a128页@c图@d21cm | |
| 225 | 2 | @a生态美术丛书@Asheng tai mei shu cong shu@f黄丹麾主编 |
| 320 | @a有书目 (第128页)。 | |
| 330 | @a本书是一本研究生态园林设计的书籍。内容包括:生态园林的历史与形态、中国园林体系的历史与形态、生态园林的概念等。 | |
| 333 | @a园林设计人员。 | |
| 410 | 0 | @12001 @a生态美术丛书@1701 0@a黄丹麾@Ahuang dan hui@4主编 |
| 606 | 0 | @a生态型@Asheng tai xing@x园林@x研究 |
| 690 | @aTU986@v4 | |
| 701 | 0 | @a黄莉群@Ahuang li qun@4著 |
| 801 | 0 | @aCN@c20060925 |
| 905 | @a10447@dTU986@eH855 | |
| 生态园林/黄莉群著.-济南:山东美术出版社,2006.01 |
| 128页:图;21cm.-(生态美术丛书/黄丹麾主编) |
| 使用对象:园林设计人员。 |
| ISBN 7-5330-2158-4:CNY22.00 |
| 本书是一本研究生态园林设计的书籍。内容包括:生态园林的历史与形态、中国园林体系的历史与形态、生态园林的概念等。 |
| ● |
| 相关链接 |
|
|
|
正题名:生态园林
索取号:TU986/H855
 
预约/预借
| 序号 | 登录号 | 条形码 | 馆藏地/架位号 | 状态 | 备注 |
| 1 | 595715 | 205957151 | 建筑库201/201建筑库 66排7列3层/ [索取号:TU986/H855] | 在馆 | |
| 2 | 595716 | 205957160 | 建筑库201/201建筑库 66排7列3层/ [索取号:TU986/H855] | 在馆 | |
| 3 | 595717 | 205957179 | 建筑与城市规划学院资料室/101建筑库 89排3列5层/ [索取号:TU986/H855] | 在馆 |